000 00353pam a2200157a 44500
008 230515b1986 xxu||||| |||| 00| 0 eng d
020 _aNULL
041 _aENGL
082 _a006.33 /JAC
100 _aJACKSON P.
245 _aINTRODUCTION TO EXPERT SYSTEMS
250 _aN.D.
260 _aNULL
_bADDIS
_c1986
300 _a246 PB
650 _aNULL
999 _c621042
_d621042